00589nam a2200181 a 45000010010000000030011000100080041000210350026000620820014000881000027001022450049001292600040001786500019002189420012002379520106002499980037003559990015003920000-9299ELIB.Books110520 2003  a(ELIB.Books)0000-9451 a248 bBae aBae, Soon Jick Litt D. aWhat the Christianity Should Be ( Vol II)(I) bSan-Chung Publishing Company c2003 aChristian Life 2ddccBK 00102ddc4070aKBTSbKBTSd2011-05-20l0p10213, 13277, 13275,r2022-01-22 00:00:00w2022-01-22yBK cbate2011-05-20mcatu2019-06-13 c9299d9299